|
|
|
|
| LEADER |
00000cam a2200000 7i4500 |
| 001 |
0000014128 |
| 005 |
20241024.0 |
| 008 |
040112 my a eng |
| 020 |
|
|
|a 9839236687
|
| 040 |
|
|
|a INS
|b eng
|e rda
|
| 090 |
0 |
0 |
|a LB1050
|b .C3601 2001
|
| 100 |
1 |
|
|a Chan, Swee Heng ,
|e author
|
| 245 |
1 |
0 |
|a Reading & discussion skills
|c Chan Swee Heng, Helen Tan, Ain Nadzimah Abdullah, Christiantine Della
|
| 264 |
|
1 |
|a Selangor :
|b Prentice Hall
|c 2001
|
| 300 |
|
|
|a 147 pages :
|b illustrations ;
|c 24 cm.
|
| 336 |
|
|
|a text
|2 rdacontent
|
| 337 |
|
|
|a unmediated
|2 rdamedia
|
| 338 |
|
|
|a volume
|2 rdacarrier
|
| 650 |
|
0 |
|a Reading
|
| 700 |
0 |
|
|a Ain Nadzimah Abdullah ,
|e author
|
| 700 |
1 |
|
|a Christiantine, Della ,
|e author
|
| 700 |
1 |
|
|a Helen, Tan ,
|e author
|
| 999 |
|
|
|a 0000012947
|b BOOK
|c Open Shelf
|e Default branch
|
| 999 |
|
|
|a 0000012948
|b BOOK
|c Open Shelf
|e Default branch
|
| 999 |
|
|
|a 0000012949
|b BOOK
|c Open Shelf
|e Default branch
|
| 999 |
|
|
|a 0000012950
|b BOOK
|c Open Shelf
|e Default branch
|
| 999 |
|
|
|a 0000012951
|b BOOK
|c Red Spot
|e Default branch
|